00557nam a22001817a 450000500170000001000150001702000260003203500130005803700130007108200150008410000160009924500980011525000110021326000430022427000600026730000280032750000200035520150625113042.0 aENG-112874 c595.00a9789350354827 aEN-96406 bDBAD/PUB a346.540436 aGupta, K.K. aUniversal's guide to registration of property, deeds, documents etc. in Delhi /cby K.K.Gupta a2nd ed a DelhibUniversal Law Publishingc2014 aA-58, G.T Karnal Road Industrial Estate,bDelhie110033 axxviii,415p.c25cm(pbk) aIncludes index